Biblical preaching : (Record no. 4827)
[ view plain ]
| 000 -LEADER | |
|---|---|
| fixed length control field | 01120cam a22003738i 4500 |
| 001 - CONTROL NUMBER | |
| control field | 269736 |
| 003 - CONTROL NUMBER IDENTIFIER | |
| control field | GBCCL |
| 005 - DATE AND TIME OF LATEST TRANSACTION | |
| control field | 20241126110527.0 |
| 008 - FIXED-LENGTH DATA ELEMENTS--GENERAL INFORMATION | |
| fixed length control field | 131209s2014 miu b 001 0 eng |
| 010 ## - | |
| -- | 2013038527 |
| 020 ## - INTERNATIONAL STANDARD BOOK NUMBER | |
| International Standard Book Number | 9780801049125 (cloth) |
| 020 ## - INTERNATIONAL STANDARD BOOK NUMBER | |
| International Standard Book Number | 0801049121 (cloth) |
| 035 ## - SYSTEM CONTROL NUMBER | |
| System control number | (OCoLC)ocn865452254 |
| 035 ## - SYSTEM CONTROL NUMBER | |
| System control number | (OCoLC)865452254 |
| 040 ## - CATALOGING SOURCE | |
| Original cataloging agency | DLC |
| Language of cataloging | eng |
| Description conventions | rda |
| Transcribing agency | DLC |
| Modifying agency | OCLCO |
| -- | XBE |
| -- | YDXCP |
| -- | LBB |
| 042 ## - | |
| -- | pcc |
| 049 ## - | |
| -- | LBBK |
| 050 00 - | |
| -- | BV4211.3 |
| -- | .R59 2014 |
| 082 00 - DEWEY DECIMAL CLASSIFICATION NUMBER | |
| Classification number | 251 |
| Edition information | 23 |
| Item number | ROB |
| 090 ## - LOCALLY ASSIGNED LC-TYPE CALL NUMBER (OCLC); LOCAL CALL NUMBER (RLIN) | |
| Classification number (OCLC) (R) ; Classification number, CALL (RLIN) (NR) | BV4211.3 |
| Local cutter number (OCLC) ; Book number/undivided call number, CALL (RLIN) | .R59 2014 |
| 100 1# - MAIN ENTRY--PERSONAL NAME | |
| Personal name | Robinson, Haddon W. |
| 9 (RLIN) | 1464 |
| 245 10 - TITLE STATEMENT | |
| Title | Biblical preaching : |
| Remainder of title | the development and delivery of expository messages / |
| Statement of responsibility, etc. | Haddon W. Robinson. |
| 250 ## - EDITION STATEMENT | |
| Edition statement | Third Edition. |
| 263 ## - PROJECTED PUBLICATION DATE | |
| Projected publication date | 1403 |
| 264 #1 - PRODUCTION, PUBLICATION, DISTRIBUTION, MANUFACTURE, AND COPYRIGHT NOTICE | |
| Place of production, publication, distribution, manufacture | Grand Rapids : |
| Name of producer, publisher, distributor, manufacturer | Baker Academic, |
| Date of production, publication, distribution, manufacture, or copyright notice | 2014. |
| 300 ## - PHYSICAL DESCRIPTION | |
| Extent | xi, 244 pages ; |
| Dimensions | 24 cm. |
| 336 ## - CONTENT TYPE | |
| Content type term | text |
| Source | rdacontent |
| 337 ## - MEDIA TYPE | |
| Media type term | unmediated |
| Source | rdamedia |
| 338 ## - CARRIER TYPE | |
| Carrier type term | volume |
| Source | rdacarrier |
| 504 ## - BIBLIOGRAPHY, ETC. NOTE | |
| Bibliography, etc. note | Includes bibliographical references and index. |
| 630 00 - SUBJECT ADDED ENTRY--UNIFORM TITLE | |
| Uniform title | Bible |
| General subdivision | Homiletical use. |
| 9 (RLIN) | 1148 |
| 650 #0 - SUBJECT ADDED ENTRY--TOPICAL TERM | |
| Topical term or geographic name entry element | Preaching. |
| 9 (RLIN) | 404 |
| 942 ## - ADDED ENTRY ELEMENTS (KOHA) | |
| Source of classification or shelving scheme | Dewey Decimal Classification |
| Koha item type | Books |
| Koha issues (borrowed), all copies | 13 |
| Withdrawn status | Lost status | Source of classification or shelving scheme | Damaged status | Not for loan | Home library | Current Library | Shelving location | Date acquired | Total checkouts | Total renewals | Full call number | Barcode | Date last seen | Date last checked out | Copy number | Price effective from | Koha item type |
|---|---|---|---|---|---|---|---|---|---|---|---|---|---|---|---|---|---|
| Dewey Decimal Classification | GRACE BIBLE COLLEGE | GRACE BIBLE COLLEGE | Ministry & Mission | 2018-02-08 | 7 | 3 | 251 ROB | 014606 | 2025-08-19 | 2025-08-13 | c.1 | 2018-02-08 | Books | ||||
| Dewey Decimal Classification | GRACE BIBLE COLLEGE | GRACE BIBLE COLLEGE | Ministry & Mission | 2018-02-08 | 13 | 3 | 251 ROB | 014607 | 2025-08-21 | 2025-08-13 | c.2 | 2018-02-08 | Books |